<?xml version="1.0" encoding="UTF-8"?><?xml-stylesheet type="text/xsl" href="static/style.xsl"?><OAI-PMH xmlns="http://www.openarchives.org/OAI/2.0/" xmlns:xsi="http://www.w3.org/2001/XMLSchema-instance" xsi:schemaLocation="http://www.openarchives.org/OAI/2.0/ http://www.openarchives.org/OAI/2.0/OAI-PMH.xsd"><responseDate>2026-06-07T05:11:01Z</responseDate><request verb="GetRecord" identifier="oai:riuma.uma.es:10630/19619" metadataPrefix="marc">https://riuma.uma.es/rest/oai/request</request><GetRecord><record><header><identifier>oai:riuma.uma.es:10630/19619</identifier><datestamp>2026-02-03T12:54:11Z</datestamp><setSpec>com_10630_19559</setSpec><setSpec>com_10630_3139</setSpec><setSpec>com_10630_10</setSpec><setSpec>col_10630_19561</setSpec></header><metadata><record xmlns="http://www.loc.gov/MARC21/slim" xmlns:dcterms="http://purl.org/dc/terms/" xmlns:doc="http://www.lyncode.com/xoai" xmlns:xsi="http://www.w3.org/2001/XMLSchema-instance" xsi:schemaLocation="http://www.loc.gov/MARC21/slim http://www.loc.gov/standards/marcxml/schema/MARC21slim.xsd">
   <leader>00925njm 22002777a 4500</leader>
   <datafield ind2=" " ind1=" " tag="042">
      <subfield code="a">dc</subfield>
   </datafield>
   <datafield ind2=" " ind1=" " tag="720">
      <subfield code="a">Azambuya Bouzón, María Eugenia</subfield>
      <subfield code="e">author</subfield>
   </datafield>
   <datafield ind2=" " ind1=" " tag="260">
      <subfield code="c">2020</subfield>
   </datafield>
   <datafield ind2=" " ind1=" " tag="520">
      <subfield code="a">El artículo que aquí se presenta, expone una aproximación a la metodología cualitativa mediante el acercamiento a un caso de primero de la ESO de un Instituto de Educación Secundaria de la provincia de Málaga. El objetivo del estudio ha sido conocer y comprender las concepciones que poseen docentes y estudiantes de dicho curso sobre la evaluación educativa, así como la forma en que la misma se materializa, y las diferencias que se establecen respecto a la calificación. Para ello, se ha partido de una observación inicial, se realizaron entrevistas a los agentes educativos mencionados así como a la orientadora del instituto, y se analizaron ciertos documentos de interés. De acuerdo a la información recopilada y contrastada, parecería existir confusión respecto al significado y a las funciones de la evaluación. Esta última se suele fusionar con la calificación, lo cual repercute inevitablemente en la metodología de enseñanza de los docentes, y por ende, en el proceso de aprendizaje del alumnado.</subfield>
   </datafield>
   <datafield ind1="8" ind2=" " tag="024">
      <subfield code="a">Azambuya, Ma E. (2020). La Evaluación Educativa: aproximación a un caso de 1o de la ESO. Márgenes, Revista de Educación de la Universidad de Málaga, 1 (1), 240-262</subfield>
   </datafield>
   <datafield ind1="8" ind2=" " tag="024">
      <subfield code="a">https://hdl.handle.net/10630/19619</subfield>
   </datafield>
   <datafield ind1="8" ind2=" " tag="024">
      <subfield code="a">http://dx.doi.org/10.24310/mgnmar.v1i1.7153</subfield>
   </datafield>
   <datafield tag="653" ind2=" " ind1=" ">
      <subfield code="a">Evaluación educativa</subfield>
   </datafield>
   <datafield ind2="0" ind1="0" tag="245">
      <subfield code="a">La Evaluación Educativa: aproximación a un caso de 1° de la ESO</subfield>
   </datafield>
</record>
</metadata></record></GetRecord></OAI-PMH>